| 000 | 01108cam a22003013a 4500 | ||
|---|---|---|---|
| 999 |
_c234358 _d234358 |
||
| 001 | 15252732 | ||
| 003 | Nust | ||
| 005 | 20170319180529.0 | ||
| 008 | 080408s2008 nyu 000 1 eng | ||
| 010 | _a 2008015983 | ||
| 020 | _a9780749908874 | ||
| 040 |
_aDLC _cDLC |
||
| 050 | 0 | 0 |
_aPS3617.U57 _bM7 2008 |
| 051 | _aCPB Box no. 2847 vol. 1 | ||
| 082 | 0 | 0 |
_a813.6 _bQUI |
| 100 | 1 |
_aQuinn, Julia, _d1970- |
|
| 245 | 1 | 0 |
_aMr. Cavendish, I presume / _cJulia Quinn. |
| 250 | _a1st ed. | ||
| 260 |
_aNew York : _bAvon, _c2008. |
||
| 300 | _a370 p. | ||
| 490 | 0 | _aAvon historical romance | |
| 655 | 7 |
_aRegency fiction. _2gsafd |
|
| 655 | 7 |
_aLove stories. _2gsafd |
|
| 655 | 7 |
_aHistorical fiction. _2gsafd |
|
| 710 | 2 |
_aCopyright Paperback Collection (Library of Congress) _5DLC |
|
| 906 |
_a7 _bcbc _corignew _d1 _eecip _f20 _gy-genrareb |
||
| 942 |
_2ddc _cBK |
||